00651nam a2200217Ia 4500999001500000020001500015082001600030245004600046260002800092300001100120504001900131650002100150650002400171650001600195650002800211650001800239650002600257700002100283942000700304952012200311 c7138d7138 a1560237899 a306.76 GRO- 0aGrowing older: perspectives on LGBT aging aLondonbRoutledgec2010 ax, 210 aincludes index aSex (Psychology) aSexual orienatation aBisexuality aGay and lesbian studies aHomosexuality aAgedvSexual behavior aSears, James T.  cBK 00104070aNASSDOCbNASSDOCd2010-04-06eMANi2010-03-26l0o306.76 GRO-p46185r2019-04-18 00:00:00w2019-04-18yBK